000 01453nam a22003617a 4500
003 CHAP
005 20220329135202.0
008 971013s1980 r 00010 d
010 _a32278
011 _a33250
035 _a37365
040 _cCHAP
082 _a620.1124
_bC7
100 0 0 _aCruz, Cruz Alejandro.
_929641
245 _aNotas de estabilidad
260 _a(s.l.) :
_bUACH. Departamento de Bosques,
_c(1980?)
300 _a60 h.
590 _aBATCH-UPD
_b10
_c20130110
_lUCH01
_h2104
590 _aCONVERSION
_b10
_c20130109
_lUCH01
_h1318
650 1 4 _aEstabilidad.
_938182
901 _aBK
942 _cLIBRO
949 _a620.1124 C7
_bBC
_cLIBRO
_d33724000013728
_eLIBRO
_fc.9
_h48183
_i37365
_si
949 _a620.1124 C7
_bBC
_cLIBRO
_d33724000013736
_eLIBRO
_fc.8
_h48182
_i37365
_si
949 _a620.1124 C7
_bBC
_cLIBRO
_d33724000013744
_eLIBRO
_fc.7
_h48181
_i37365
_si
949 _a620.1124 C7
_bBC
_cLIBRO
_d33724000013751
_eLIBRO
_fc.6
_h48180
_i37365
_si
949 _a620.1124 C7
_bBC
_cLIBRO
_d33724000013769
_eLIBRO
_fc.5
_h48179
_i37365
_si
949 _a620.1124 C7
_bBC
_cLIBRO
_d33724000013777
_eLIBRO
_fc.4
_h48178
_i37365
_si
949 _a620.1124 C7
_bBC
_cLIBRO
_d33724000013785
_eLIBRO
_fc.3
_h48177
_i37365
_si
949 _a620.1124 C7
_bBC
_cLIBRO
_d33724000013793
_eLIBRO
_fc.2
_h48176
_i37365
_si
949 _a620.1124 C7
_bBC
_cLIBRO
_d33724000013801
_eLIBRO
_h48175
_i37365
_mD
_si
949 _a620.1124 C7
_bBC
_cUACH
_d-85649
_eUACH
_fc.10
_h48184
_i37365
_si
999 _c32278
_d32278